| 000 | 00470nam a2200145 4500 | ||
|---|---|---|---|
| 008 | 040727s1975 nyu 000 0 eng | ||
| 020 | _a0385113072 :USD4.95 | ||
| 090 |
_aBT966.2 _bG76 |
||
| 100 | 1 |
_aGraham, Billy, _d1918- |
|
| 245 | 1 | 0 |
_aAngels : _bGod's secret agents / _cBilly Graham. |
| 260 |
_aGarden City, N.Y. : _bDoubleday, _c1975. |
||
| 300 |
_axii, 175 p. ; _c22 cm. |
||
| 650 | 4 | _aAngels. | |
| 951 |
_p9768 _x00006610 _oBT966.2/G76-2 _j070613111408203 _d2000-12-21 _cGC |
||
| 999 |
_c20744 _d20744 |
||